00303nam a2200133Ia 45000030006000000080041000060400015000471000017000622450040000792500012001192600009001315460012001400050017001520STCL150530s9999 xx 000 0 und d aSTCLcSTCL aDastur, J.F. aUseful plants of India and pakistan aSeventh c1964 aEnglish20220125170406.0